| 000 | 004610000a22001930004500 | ||
|---|---|---|---|
| 003 | LK-CoMWRAF | ||
| 005 | 20240103111204.0 | ||
| 008 | 230817t ||||| |||| 00| 0 eng d | ||
| 020 | _a969001370X | ||
| 040 |
_aLK-CoMWRAF _dLK-CoMWRAF _eLK-CoMWRAF |
||
| 041 | _aeng | ||
| 082 |
_a823 _bNOO |
||
| 100 | _aNoorani, Nayantara | ||
| 245 | _aReflections | ||
| 260 |
_aPakistan : _bFerozsons, _c1997 |
||
| 300 | _a107p | ||
| 650 | _aEnglish Fiction | ||
| 942 | _cBK | ||
| 999 |
_c1567 _d1567 |
||